Diccionario de voces españolas geográficas / (Record no. 185989)

MARC details
000 -LEADER
campo de control de longitud fija 00971nam a2200277 i 4500
001 - NÚMERO DE CONTROL
campo de control 185989
003 - IDENTIFICADOR DE NÚMERO DE CONTROL
campo de control SpMaBN
005 - FECHA Y HORA DE LA ÚLTIMA TRANSACCIÓN
campo de control 20250824204414.0
008 - DATOS DE LONGITUD FIJA--INFORMACIÓN GENERAL
campo de control de longitud fija 160901s1990 sp d |||| |
020 ## - NÚMERO INTERNACIONAL ESTÁNDAR DEL LIBRO
Número Internacional Estándar del Libro 84-03-60157-3
080 ## - NÚMERO DE LA CLASIFICACIÓN DECIMAL UNIVERSAL
Número de la Clasificación Decimal Universal 914.60(038)
245 00 - MENCIÓN DEL TÍTULO
Título Diccionario de voces españolas geográficas /
Mención de responsabilidad, etc. Real Academia de la Historia.
250 ## - MENCION DE EDICION
Mención de edición Ed. facs.
260 ## - PUBLICACIÓN, DISTRIBUCIÓN, ETC.
Lugar de publicación, distribución, etc. Madrid :
Nombre del editor, distribuidor, etc. Aguilar,
Fecha de publicación, distribución, etc. 1990.
300 ## - DESCRIPCIÓN FÍSICA
Extensión 93 p. ;
Dimensiones 16 x 10 cm.
490 1# - MENCIÓN DE SERIE
Mención de serie El libro Aguilar ;
Designación de volumen o secuencia 95.
Mención de serie Libros de consulta
534 ## - NOTA SOBRE LA VERSIÓN ORIGINAL
Frase introductoria Repr. facs. de:
Publicación, distribución, etc. del original [Real Academia de la Historia, ca. 1800]
650 04 - PUNTO DE ACCESO ADICIONAL DE MATERIA--TÉRMINO DE MATERIA
Término de materia o nombre geográfico como elemento de entrada Geografía-
Subdivisión de forma Diccionarios.
9 (RLIN) 13071
651 #7 - PUNTO DE ACCESO ADICIONAL DE MATERIA--NOMBRE GEOGRÁFICO
Nombre geográfico España-
Subdivisión general Geografía-
Subdivisión de forma Diccionarios.
9 (RLIN) 8201
655 #7 - TERMINO DE INDIZACIÓN--GENERO/FORMA
Fuente del término tgfbne
9 (RLIN) 226495
Datos o término principal de género/forma Facsímiles
710 2# - ENTRADA AGREGADA--NOMBRE DE ENTIDAD CORPORATIVA
Nombre de entidad corporativa o nombre de jurisdicción como elemento de entrada Real Academia de la Historia (España)
9 (RLIN) 6309
830 03 - PUNTO DE ACCESO ADICIONAL DE SERIE-TÍTULO UNIFORME
Título uniforme El libro Aguilar
Designación de volumen o secuencia 95.
9 (RLIN) 227831
852 ## - LOCALIZACIÓN
Ubicación ES-MaACL
Número de control de estantería L-30600
Nota libre - enc. cart.
-- . - Donat. Miguel A. Velasco
942 ## - ELEMENTOS DE ENTRADA SECUNDARIOS (KOHA)
Fuente del sistema de clasificación o colocación Clasificación decimal universal
Holdings
Estatus retirado Estado de pérdida Estado de daño No para préstamo Colección Biblioteca de origen Biblioteca actual Ubicación en estantería Fecha de adquisición Fuente de adquisición Total de préstamos Signatura topográfica completa Código de barras Visto por última vez Precio de reemplazo Tipo de ítem Koha
        Colección de referencia Biblioteca del Ateneo de Madrid Biblioteca del Ateneo de Madrid Depósito 2 01/09/2016     L-30600 1196082 23/02/2023 23/02/2023 Libro impreso